000 00473nam a2200181Ia 4500
005 20250326123551.0
008 250326s9999 xx 000 0 und d
037 _aTextbook
040 _aFMSL
_beng
_cFMSL
041 _aeng
_2eng
084 _aB28 L1
_qFMSL
100 _aMoroney M J
_948327
245 0 _aFacts from figures
_cMoroney M J
260 _aUSA
_bUSA, Penguin Books
_c1971
300 _a472p
942 _cTB
_hB28 L1
999 _c1269957
_d1269957